Why write? /

Bibliographic Details
Main Author: Auster, Paul, 1947-
Format: Book
Language:English
Published: Providence, RI : Burning Deck, [1996]
Subjects:

MARC

Tag First Indicator Second Indicator Subfields
LEADER 00000cam a22000008a 4500
001 in00001317813
005 20151005073348.0
008 960214s1996 riu 000 0deng
010 |a  96005350  
020 |a 1886224153 (cloth : alk. paper) 
020 |a 1886224145 (pbk. : alk. paper) 
035 |a (OCoLC)34243869 
035 |9 AHC8069AM 
040 |a DLC  |c DLC  |d TXA  |d UtOrBLW 
049 |a TXAM 
050 0 0 |a PS3551.U77  |b Z462 1996 
082 0 0 |a 813/.54  |2 20 
100 1 |a Auster, Paul,  |d 1947- 
245 1 0 |a Why write? /  |c Paul Auster. 
263 |a 9609 
264 1 |a Providence, RI :  |b Burning Deck,  |c [1996] 
264 4 |c ©1996 
300 |a 58 pages :  |b illustrations ;  |c 19 cm. 
336 |a text  |b txt  |2 rdacontent 
337 |a unmediated  |b n  |2 rdamedia 
338 |a volume  |b nc  |2 rdacarrier 
600 1 0 |a Auster, Paul,  |d 1947-  |x Authorship. 
650 0 |a Authorship. 
999 |a MARS 
999 f f |s 3fd6c7e0-c240-38d6-8174-d76a51563bf5  |i 43cd4527-d628-3047-abda-1cfc689c3b3e  |t 0 
952 f f |p normal  |a Texas A&M University  |b College Station  |c Sterling C. Evans Library  |d Evans: Library Stacks  |t 0  |e PS3551.U77 Z462 1996  |h Library of Congress classification  |i unmediated -- volume  |m A14820441029 
998 f f |a PS3551.U77 Z462 1996  |t 0  |l Evans: Library Stacks